000 00438pab a2200169 454500
008 180718b1993 xxu||||| |||| 00| 0 eng d
100 _aGhosh, S.K.
245 _aTraining in government - Setting performance standards
260 _c1993
300 _ap.67-72.
362 _aJan-Mar
650 _aCivil service - Training
650 _aTraining
773 _aIndian Journal of Public Administration
908 _aN
909 _a89103
999 _c89103
_d89103